Responses for Show #5055 - Friday, July 28, 2006

Last game of Season 22.

Contestants

[<< previous game]

Brad Jeffcoat, a student from Vidalia, Georgia

Reda Chambers, a substitute teacher from Chandler, Arizona

Eugene Manning, a U.S. Army specialist from Honolulu, Hawaii (whose 1-day cash winnings total $10,000)

[next game >>]

Jeopardy! Round responses

U.S. LAKES & RIVERS
SONG TITLES
DAY TIME
THAT'S POLITICS
DON'T GO TO PIECES
TAKE YOUR "MED"s
    $200 16
Texas & Oklahoma

Reda
    $200 26
Wolf

Brad
    $200 11
Sunday

Brad
    $200 6
(Alexander) Hamilton

Brad
    $200 21
a shredder

Eugene
    $200 1
the Mediterranean Sea

Brad
    $400 17
Lake Pontchartrain

Reda
    $400 27
Mustang

Brad
    $400 12
(Brad: What is Tuesday?)
(Eugene: What is Thursday?)
...
(Alex: The "W" comes after a "T", yes.)

Wednesday

EugeneRedaBrad
    $400 7
Condoleezza Rice

Brad
    $400 22
"Shattered"

Brad
    $400 2
a medium

Eugene
    $600 18
the Chicago River

Eugene
    $600 28
(Reda: What is Tonk Women?)

Cat

Reda
Triple Stumper
    $600 13
Tuesday

Brad
    $600 8
Dole

Reda
    $600 23
asunder

Reda
    $600 3
a medallion

Brad
    $800 19
(Lake) Coeur d'Alene

Reda
    $800 29
Dogs

Triple Stumper
    $800 14
Saturday

Reda
    $800 9
Brezhnev

Eugene
    $800 24
sherds (shards accepted)

Reda
    $800 4
mediocre

Brad
    $2,000 20
(Reda: What is the Mississippi?)
(Alex: No, I thought you might pick that one. The New Orleans was the first steamboat on the Mississippi; this was on [*].)

the Missouri

Reda
    $1000 30
Monkey

Brad
    $1000 15
(Alex: You guys said it earlier. What is [*]?)

Thursday

Triple Stumper
    $1000 10
(Eugene: Who is Buchanan?)
...
(Alex: The only former president to serve in the House of Representatives--[*].)

John Quincy Adams

Eugene
Triple Stumper
    $1000 25
smithereens

Reda
    $1000 5
(Brad: What is the medium?)

the median

EugeneBrad

Scores at the first commercial break (after clue 15):

Eugene Reda Brad
$800 $1,800 $1,600

Scores at the end of the Jeopardy! Round:

Eugene Reda Brad
$1,600 $3,000 $3,600

Double Jeopardy! Round responses

THE FIRM
THE CHAMBER
THE TESTAMENT
(Alex: You have to tell us what Biblical book each quote is from.)
THE BRETHREN
THE PARTNER
(Alex: And the common link...)
JOHN GRISHAM
    $400 21
Green Giant

Reda
    $400 16
an echo chamber

Reda
    $400 11
Exodus

Reda
    $400 1
Van Halen

Reda
    $400 6
kith

Reda
    $400 26
The Pelican Brief

Reda
    $800 22
(Reda: What is French Laundry?)
(Alex: No.)
(Reda: Laun-dry...?)
...
(Alex: No French--just [*]. Sorry. You pick again, though, Reda.)

Laundry

Reda
Triple Stumper
    $800 17
the Hopi

Reda
    $800 12
Genesis

Eugene
    $800 2
Chris Penn

Brad
    $800 7
white

Reda
    $800 27
(Brad: What is Louisiana?)
(Reda: What is Tennessee?)

Mississippi

EugeneRedaBrad
    $1200 23
Blockbuster

Eugene
    $1200 18
a decompression chamber

Eugene
    $5,000 13
(Alex: Remember, tell us what Biblical book this quote is from:)

Acts (of the Apostles)

Eugene
    $1200 3
Luke & Owen Wilson

Eugene
    $1200 8
mash

Brad
    $1200 28
(Reda: What is The Jury?)
(Eugene: What is The Chamber?)

The Runaway Jury

EugeneReda
Triple Stumper
    $1600 24
(Eugene: What is Sherwin-Williams?)

Glidden

EugeneReda
    $1600 19
Windsor Castle

Eugene
    $1600 14
(Reda: Who is Luke?)

Matthew

EugeneReda
    $1600 4
Tiki Barber

Brad
    $1600 9
Transportation

Reda
    $2,000 29
The Client

Eugene
    $2000 25
OfficeMax

Reda
    $2000 20
a cloud chamber

Triple Stumper
    $2000 15
the Book of Proverbs

Triple Stumper
    $2000 5
the Allman Brothers

Eugene
    $2000 10
Nevis

Brad
    $2000 30
"The King of Torts"

Triple Stumper

Scores at the end of the Double Jeopardy! Round:

Eugene Reda Brad
$16,200 $7,800 $8,400

[wagering suggestions for these scores]

Final Jeopardy! Round responses

AMERICANA
(Alex: Most people know it one way, but it has gone co-ed.)
...
(Alex: [Revealing Reda's response] Of Father Flanagan fame. You're right. It's now Girls & [*].)
...
(Alex: [To new champ Brad] And we will see you again when we get back to our regular games. Take care.)
RedaWhat is Boys Town?
$7,800
BradWhat is Boy's Town?
$8,000
EugeneWhat ?
$1,000
Boys Town

Final scores:

Eugene Reda Brad
$15,200 $15,600 $16,400
3rd place: $1,000 2nd place: $2,000 New champion: $16,400

Game dynamics:

Coryat scores:

Eugene Reda Brad
$12,000 $9,800 $8,400
15 R
(including 2 DDs),
4 W
20 R,
6 W
(including 1 DD)
15 R,
3 W

Combined Coryat: $30,200

[game clues] [game scores] [suggest correction]

Game tape date: Unknown
The J! Archive is created by fans, for fans. Scraping, republication, monetization, and malicious use prohibited; this site may use cookies and collect identifying information. See terms. The Jeopardy! game show and all elements thereof, including but not limited to copyright and trademark thereto, are the property of Jeopardy Productions, Inc. and are protected under law. This website is not affiliated with, sponsored by, or operated by Jeopardy Productions, Inc. Join the discussion at JBoard.tv.